000 003390000a22000970004500
100 1 _aDempsey, Carol J.
245 1 0 _aMicah 2-3 : Literary artistry, ethical message, and some considerations about the image of YHWH and Micah
300 _aNúm 85 (1999), Páginas 117-128
773 0 _tJournal for the Study of the Old Testament
942 _cANA
999 _c54760
_d54760